000 04174nab a22007697 4500
003 AR-RoUNA
022 _a0327-9022
040 _aAR-RoUNA
_bspa
041 _aspa
044 _aag
245 _aSumma+ /
_bVivienda Colectiva
260 _aBuenos Aires ,
_c1993
300 _a144 p. :
_bil. byn.
_bplanos
_c34 X25 cm.
505 0 _tINDICE
505 0 _tPortugal - CIUDAD INTERIOR
505 0 _aBak Gordon / Dos casas en Santa Isabel, Lisboa, 2010. p. 4
505 0 _tArgentina - PAISAJE DOMÉSTICO
505 0 _aCCC arquitectos - Sebastián Cseh, Santiago Crespi, Juan Cruz Catania / Barrio Santa María, Olivos, Buenos Aires, 2010. p. 10
505 0 _tBerlín - ENSAMBLE URBANO
505 0 _aKPS Tchoban Voss / Hamburger HDF, Berlín, 2010. p. 18
505 0 _aCarolina Corti, Fernando Diez, Martín Di Peco, Rodrigo Rommers Wender y Soledad Soria / Estrategias de aglomeración y convivencia. p. 26
505 0 _tEspaña - ESPAÑA EN VARIACIÓN
505 0 _aJosé Cruz Ovalle / Manzana de 101 Viviendas Sociales (VPO) en Carabanchel, Madrid, España, 2011. p. 28
505 0 _tInglaterra - TRANSPARENCIA, FRAGMENTACION, COLOR
505 0 _aRenzo Piano Building Workshop, Architects en colaboración con Fletcher Priest architects (Londres) / Desarrollo de usos múltiples ST. Giles, Reino Unido, 2010. p. 36
505 0 _tEspaña - URBANO Y RURAL
505 0 _aZigzag Arq. / 131 Vivienda protegidas en Mieres, Asturias, España, 2010. p. 44
505 0 _tArgentina - CON SU VERDE GELIDEZ
505 0 _aGGMPU Arq. / Edificio Alto Belgrano, Ciudad de Mendoza, 2007. p. 52
505 0 _tDinamarca - ENCHUFAR Y JUGAR
505 0 _aC.F. Moller architects con Christian Carlsen Arkitektfirma / Sildetten - The Sil (0) Houette, Logten, 2010. p. 60
505 0 _tEspaña - DE TRES EN TRES
505 0 _aRoldán + Berengué / Viviendas en Plaza Europa, Barcelona, 2010. p. 64
505 0 _tBrasil - VARIACIONES TIPOLÓGICAS
505 0 _aTriptyque / Fidalga 727, San Pablo, 2010. p. 70
505 0 _tOCUPAR LIBREMENTE
505 0 _aAndrade Morettin / Edificio Residencial en la calle Fidalga, San Pablo, 2011. p. 76
505 0 _tCONSTRUYENDO LA TOPOGRAFÍA Y EL VACÍO
505 0 _aGrupoSP / Edificio de viviendas en la calle simpatía, San Pablo, 2011. p. 82
505 0 _tArgentina - INDETERMINADOS PERO ESPECÍFICOS
505 0 _aAdamo - Faiden / Edificio 11 de septiembre 3260, Núñez, CABA, 2011. p. 88
505 0 _tEcuador - DEPARTAMENTOS REVERSIBLES
505 0 _aDuranghermida / Edificio Jacobo, Cuenca, Ecuador, 2007. p. 94
505 0 _tMéxico - CONTRAPUNTO CRISTAL - VEGETAL
505 0 _aDellekamp - Derek Dellekamp / Edificio de departamentos, méxico, DF, 2010. p. 98
505 0 _aXavier Oller Civit / Presente y pasado del Palacio de la clase obrera. p. 104
505 0 _aHelio Piñon / Mario Roberto Álvarez (1913-2011). p. 108
505 0 _tCONSTRUCCIÓN SUSTENTABLE
505 0 _tMETA ARQUITECTURA, CHILE
505 0 _tINFORME SUPERSUDACA # 1
505 0 _aL. A. COLLECTIVE, la historia paralela de Latinoamérica como laboratorio reactivo de occidente. p. 113
505 0 _aFernando Diez / Buenos Aires de Bienal. p. 129
505 0 _tColombia - COOMEVA PALMIRA FASE I: fe de erratas
505 0 _aCoomeva Palmira Fase I . p. 132 Edificio Corporativo y de Salud Clínica + Unidad de urgencias Diseño Plan Maestro y urbanismo
505 0 _aIgnacio Ros de Olano / Lisboa en papel. p. 133
505 0 _aRuht Verde Zein / Sol, Sombra y Fan. p. 134
505 0 _aRamón Gutiérrez y Eduardo Maestripieri / Dos dibujos inéditos de Le Corbusier en Buenos Aires. p. 136
505 0 _aRoberto Fernández / Price o la crítica de lo moderno. p. 139
505 0 _aMario Sabugo / Acerca del parametro y la autopoiesis. p. 142
505 0 _aAlejandro Vaca Bononato / Claudio cAVERI 1928-2011. p. 144
650 _aArquitectura contemporánea
773 0 _aSumma+
_dBuenos Aires, Argentina
_gNº120 (feb-2012), p. 144
_x0327-9022
908 _aImp
942 _2udc
_cART
945 _aMBP
_d2022-07-08
980 _8138
_gCarolina Rainero
_6138
_aCarolina Rainero
999 _c12256
_d12256